Derecho diplomático contemporáneo / (Record no. 37893)

MARC details
000 -LEADER
campo de control de longitud fija 00732nam a2200205 i 4500
001 - NÚMERO DE CONTROL
campo de control 37893
003 - IDENTIFICADOR DE NÚMERO DE CONTROL
campo de control ES-MaACL
005 - FECHA Y HORA DE LA ÚLTIMA TRANSACCIÓN
campo de control 20250908233045.0
007 - CAMPO FIJO DE DESCRIPCIÓN FÍSICA--INFORMACIÓN GENERAL
campo de control de longitud fija t|
008 - DATOS DE LONGITUD FIJA--INFORMACIÓN GENERAL
campo de control de longitud fija 030224s1965 sp ||||1| spa d
100 1# - ENTRADA PRINCIPAL--NOMBRE DE PERSONA
Nombre de persona Cahier, Philippe.
9 (RLIN) 33443
245 10 - MENCIÓN DEL TÍTULO
Título Derecho diplomático contemporáneo /
Mención de responsabilidad, etc. Philippe Cahier ; traducción y notas para la versión española de José Vicente Torrente, Marcelino Oreja, Julio González Campos.
260 ## - PUBLICACIÓN, DISTRIBUCIÓN, ETC.
Lugar de publicación, distribución, etc. Madrid, etc. :
Nombre del editor, distribuidor, etc. Rialp,
Fecha de publicación, distribución, etc. [1965]
300 ## - DESCRIPCIÓN FÍSICA
Extensión 685 p. ;
Dimensiones 22 cm.
700 1# - ENTRADA AGREGADA--NOMBRE PERSONAL
Nombre de persona Torrente, José Vicente.
9 (RLIN) 110846
700 1# - ENTRADA AGREGADA--NOMBRE PERSONAL
Nombre de persona Oreja, Marcelino.
9 (RLIN) 87217
700 1# - ENTRADA AGREGADA--NOMBRE PERSONAL
Nombre de persona González Campos, Julio D.,
Fechas asociadas al nombre 1932-2007
9 (RLIN) 58489
852 ## - LOCALIZACIÓN
Ubicación ES-MaACL
Número de control de estantería C-27956
Sublocalización o colección R.57255
Holdings
Estatus retirado Estado de pérdida Estado de daño No para préstamo Biblioteca de origen Biblioteca actual Ubicación en estantería Fecha de adquisición Fuente de adquisición Total de préstamos Signatura topográfica completa Código de barras Visto por última vez Precio de reemplazo Tipo de ítem Koha
        Biblioteca del Ateneo de Madrid Biblioteca del Ateneo de Madrid Depósito 2 17/01/2008     C-27956 1039897 23/02/2023 23/02/2023 Libro impreso